Sports Quiz

Random Sports or Baseball Quiz
Score 0/31 Timer 15:00
0 Plays Today
All-Time Homers (2019 Homers) Active Player % Correct
656 (23)Albert Pujols
97.9%
477 (12)Miguel Cabrera
92.9%
285 (45)Mike Trout
91.5%
414 (34)Edwin Encarnacion
88%
401 (41)Nelson Cruz
86.2%
308 (3)Giancarlo Stanton
84.5%
295 (12)Chris Davis
77.7%
219 (35)Bryce Harper
76.7%
227 (38)Freddie Freeman
75.3%
344 (22)Ryan Braun
74.9%
231 (36)J.D. Martinez
74.9%
284 (15)Joey Votto
74.6%
324 (13)Robinson Cano
73.1%
227 (41)Nolan Arenado
72.8%
243 (34)Paul Goldschmidt
72.1%
270 (6)Ryan Zimmerman
67.8%
All-Time Homers (2019 Homers) Active Player % Correct
219 (37)Josh Donaldson
63.3%
297 (20)Evan Longoria
62.2%
312 (26)Jay Bruce
60.4%
233 (10)Andrew McCutchen
60.4%
282 (16)Adam Jones
59.4%
232 (34)Carlos Santana
58%
281 (1)Matt Kemp
56.2%
344 (12)Curtis Granderson
55.8%
234 (3)Carlos Gonzalez
55.8%
298 (12)Justin Upton
55.1%
271 (2)Hanley Ramirez
50.5%
282 (12)Brian McCann
49.1%
257 (9)Ian Kinsler
47.7%
242 (18)Hunter Pence
45.6%
298 (4)Mark Reynolds
35.7%
Remove Ads.
Support Sporcle.
Get the best of Sporcle when you Go Orange. This ad-free experience offers more features, more stats, and more fun while also helping to support Sporcle. Thank you for becoming a member.

You're not logged in!

Compare scores with friends on all Sporcle quizzes.
OR
Log In

Show Comments

Extras

Top Quizzes Today


Score Distribution

Your Account Isn't Verified!

In order to create a playlist on Sporcle, you need to verify the email address you used during registration. Go to your Sporcle Settings to finish the process.

Report this User

Report this user for behavior that violates our Community Guidelines.

Details: